000 00895nam a2200253 i 4500
001 54052
003 ES-MaACL
005 20250728120315.0
007 t|
008 031124s2002 sp ||||1| spa d
020 _a84-8164-494-3
080 _a929 Derrida, Jacques (047.53)
100 1 _aDerrida, Jacques.
_943797
245 1 0 _a¡Palabra!
_b: instantáneas filosóficas /
_cJacques Derrida ; traducción de Cristina de Peretti y Paco Vidarte.
260 _aMadrid :
_bTrotta,
_c[2001]
300 _a103 p. ;
_c23 cm.
490 1 _aColección Estructuras y procesos. Serie Filosofía
600 1 4 _aDerrida, Jacques-
_vEntrevistas.
_943799
700 1 _aPeretti della Rocca, Cristina de.
_990537
700 1 _aVidarte, Francisco Javier.
_9114540
830 0 0 _aEstructuras y procesos.
_pFilosofía
_9183056
852 _aES-MaACL
_jL-26709
_bR.131215
999 _c54052
_d54052